|
|
|
|
| LEADER |
00000cam a2200000 7i4500 |
| 001 |
0000003439 |
| 005 |
20040209093000.0 |
| 008 |
021118s1992 |
| 020 |
|
|
|a 0205134440
|
| 090 |
0 |
0 |
|a RC480
|b .C68 1992
|
| 100 |
0 |
|
|a Cottone, R. Rocco ,
|e author
|
| 245 |
1 |
4 |
|a Theories and paradigms of counseling and psychotheraphy
|c R. Rocco Cottone
|
| 260 |
2 |
|
|a Boston, Mass. :
|b Allyn and Bacon ,
|c c1992
|
| 300 |
|
|
|a xviii, 378 p. ;
|c 24 cm.
|
| 504 |
|
|
|a Inlcudes bibliographical references and index
|
| 650 |
|
0 |
|a Counseling
|
| 650 |
|
0 |
|a Counseling
|x Philosophy
|
| 650 |
|
0 |
|a Psychotherapy
|
| 999 |
|
|
|a 1000034085
|b Book
|c OPEN SHELF (30 DAYS)
|e Gong Badak Campus
|
| 999 |
|
|
|a 1000034086
|b Book
|c OPEN SHELF (30 DAYS)
|e Gong Badak Campus
|